01231cam a22002894a 450000100090000000300040000900500170001300800410003001000170007102000180008802500270010603700640013304000180019704200100021504300120022505000240023708200200026110000260028124502050030724600930051224600710060526000570067630000330073350000650076650400640083165000460089515790262OSt20221108122645.0090624s2008 ii a b 001 0 eng  a 2009311598 a9788121106856 aI-E-2009-311598; 39-92 bLibrary of Congress -- New Delhi Overseas OfficecRs6500.00 aDLCcDLCdDLC alcode aaz-----00aQK529.S64bF73 2008 a587.0954bFRA/T1 aFraser-Jenkins, C. R.10aTaxonomic revision of three hundred Indian subcontinental Pteridophytes with a revised census-list :ba new picture of fern-taxonomy and nomenclature in the Indian subcontinent /cC.R. Fraser-Jenkins.30aTaxonomic revision of 300 Indian subcontinental Pteridophytes with a revised census-list3 a300 Indian subcontinental Pteridophytes with a revised census-list aDehra Dun :bBishen Singh Mahendra Pal Singh,c2008. a685 p :bcol. ill. ;c24 cm. aBotanical publications by C.R. Fraaser-Jenkins: (p. 639-648) aIncludes bibliographical references (p. 367-420) and index. 0aPteridophytazSouth AsiavClassification.